000 00649nam a2200193 i 4500
001 139261
003 ES-MaACL
005 20250918184005.0
007 t|
008 070214s1955 sp r ||||1| spa d
100 1 _aSarrablo Aguareles, Eugenio.
_9103845
245 1 3 _aEl conde de Fuenclara
_b: embajador y Virrey de Nueva España : (1687-1752) /
_cEugenio Sarrablo Aguareles.
250 _a1ª. ed.
260 _aSevilla :
_b[s.n.],
_c1955 (
_fImp. G.E.H.A.)
300 _a328 p :
_bil. ;
_c24 cm.
600 1 7 _aCebrián y Agustín, Pedro,
_cConde de Fuenclara,
_d1687-1752
_2
_9168477
852 _aES-MaACL
_jP-922
999 _c139261
_d139261